| 000 | 00667nam a22002053a 4500 | ||
|---|---|---|---|
| 005 | 20240413063818.0 | ||
| 008 | 010516s1997 mx fr 000 0 spa d | ||
| 020 | _a968693278X | ||
| 035 | _aUPN01000106286 | ||
| 049 | _aCG | ||
| 050 | 4 |
_aF1234 _bG6.3 |
|
| 100 | 1 |
_aGonzález y González, Luis, _d1925-2003 _928518 |
|
| 245 | 1 | 4 |
_aLos artifices del cardenismo / _cLuis González y González. |
| 260 |
_aMéxico : _bClío, _c1997. |
||
| 300 |
_a256 p. : _bil. |
||
| 440 | 0 |
_aObras completas de Luis González y González ; _v7 |
|
| 600 | 1 | 4 |
_aCARDENAS DEL RIO, LAZARO, _d1895-1970 |
| 651 | 4 |
_aMéxico _xPolítica y gobierno _y1910-1946 _vFuentes _912697 |
|
| 905 | _aLibro | ||
| 999 |
_c80199 _d80199 |
||